Ψυχοδυναμικές προοπτικές στην αρρώστεια και στην υγεία
Αποθηκεύτηκε σε:
| Άλλοι συγγραφείς: | , , , |
|---|---|
| Μορφή: | Βιβλίο |
| Γλώσσα: | English |
| Δημοσίευση: |
Αθήνα :
Τυπωθήτω - Γιώργος Δαρδάνος,
c2007
|
| Θέματα: | |
| Ετικέτες: |
Προσθήκη ετικέτας
Δεν υπάρχουν, Καταχωρήστε ετικέτα πρώτοι!
|
MARC
| LEADER | 00000cam a2200000 i 4500 | ||
|---|---|---|---|
| 001 | 1/11188 | ||
| 008 | 101206s2009 eng d | ||
| 020 | |a 978-960-402-278-8 | ||
| 035 | |l 10109315 | ||
| 040 | |a GR-MY-UA |b gre |e aacr | ||
| 041 | 0 | |a eng | |
| 082 | 0 | |a 616.0019 |2 (22) | |
| 245 | 1 | 0 | |a Ψυχοδυναμικές προοπτικές στην αρρώστεια και στην υγεία / |c [edited by] Paul Raphael Dubenstein and Joseph M. Masling ; μετάφραση Ανθή Βακάκη ; εισαγωγή - επιμέλεια Καλλιόπη Χατήρα |
| 260 | |a Αθήνα : |b Τυπωθήτω - Γιώργος Δαρδάνος, |c c2007 | ||
| 300 | |a 391 σ.; |c 24 εκ. | ||
| 504 | |a Περιέχει βιβλιογραφία και ευρετήριο | ||
| 650 | 0 | 0 | |a Clinical health psychology. |
| 650 | 0 | 0 | |a Health |x Psychological aspects. |
| 650 | 0 | 0 | |a Medicine and psychology. |
| 700 | 1 | |a Dubenstein, Paul Raphael. |4 edt | |
| 700 | 1 | |a Masling, Joseph M. |4 edt | |
| 700 | 1 | |a Βακάκη, Ανθή. |4 trl | |
| 700 | 1 | |a Χατήρα, Καλλιόπη. |4 edt | |
| 852 | |a INST |b LESVOS |e 20101206 |h 616.0019 ΨΥΧ |p 005100049510 |q 005100049510 |t BK |y 0 | ||
| 901 | |a BIBL1-2010-3 | ||
| 909 | |a Λ |b 165141 | ||
| 970 | |a ΤΖΑΦΕΡΗ |b ΕΥΑΓΓΕΛΙΑ |z 2010/12/06 | ||